| 000 | 00792nam a2200181 i 4500 | ||
|---|---|---|---|
| 001 | 104611 | ||
| 003 | ES-MaACL | ||
| 005 | 20230906183640.0 | ||
| 007 | t| | ||
| 008 | 051202s1982 sp a |||| | spa d | ||
| 110 | 1 |
_aEspaña. _bDirección General de Bellas Artes, Archivos y Bibliotecas. _93705 |
|
| 245 | 1 | 0 |
_aCántrabos, astures y galaicos _b: Bimilenario de la conquista romana del norte de Hispania / _cMinisterio de Cultura, Dirección General de Bellas Artes, Archivos y Bibliotecas. |
| 260 |
_aMadrid : _bMinisterio de Cultura, _c1982. |
||
| 300 |
_a96 p. : _bil. col. y n. ; _c24 cm. |
||
| 651 | 4 |
_aEspaña- _xHistoria- _yHasta 218 a.C., Época prerromana. _9162090 |
|
| 711 | 2 |
_aBimilenario de la conquista romana del norte de Hispania ( _cMadrid) _950 |
|
| 852 |
_aES-MaACL _jL-3823 |
||
| 999 |
_c104611 _d104611 |
||